000 00852nam a2200193 a 4500
008 160808s2015 ||||||||||||||||| || u
020 _a9781587205613
050 _aTK 5105.543 Lac
100 _aLacoste, Raymond
245 1 0 _aCCNP routing and switching TSHOOT 300- 135: official cert guide
_cBy Raymond Lacoste, Kevin Wallace
260 _aIndianapolis
_bCisco Press
_c2015
300 _axxxvii, 988p.: ill.
350 _a69.99
650 _aTELECOMMUNICATION--SWITCHING SYSTEMS--EXAMINATIONS--STUDY GUIDES
650 0 _aROUTING (COMPUTER NETWORK MANAGEMENT)--EXAMINATIONS--STUDY GUIDES
650 0 _aCOMPUTER NETWORKS--EXAMINATIONS--STUDY GUIDES
700 _aWallace, Kevin
995 _FCBU-MAIN LIBRARY (Kitwe)
_I69.99
_M1
_UAVAILABLE
_WAug 19, 2016
_ZMain Library Open Access Collection
999 _c36919
_d36919